| 000 | 00867nam a2200157Ia 4500 | ||
|---|---|---|---|
| 003 | GCL | ||
| 008 | 140319s9999 xx 000 0 ara d | ||
| 040 |
_aGCL / _cGCL |
||
| 082 | 0 | 4 |
_aط _b030 _bش ك |
| 100 | 1 | _aالشركة الشرقية للمطبوعات | |
| 245 | 1 | 0 |
_aالنبات ج1 - رياضة وهويات - نشأت الفاراق - الارض والكون - التغذية وعناصرها - جسم الانسان - الشعوب والسكان - البحار والمحيطات - الاتصالات والموصلات - الدورت والالكترونيات - الطبيعة والكيمياء - شخصيات عربية - الحيوان - مدن وفدئيان - النبات ج2 / _cالشركة الشرقية للمطبوعات |
| 300 | _a15 جزاء | ||
| 490 |
_aكتاب المعرفة _v0 |
||
| 650 | 0 | 4 | _aدائرة معارف |
| 942 |
_2ddc _cBK |
||
| 999 |
_c42861 _d42861 |
||